Countries by Continent - Speed Run - Statistics

General Stats
  • This quiz has been taken 88 times
  • The average score is 12 of 20
Answer Stats
Country Continent % Correct
Equatorial Guinea Africa
100%
Eritrea Africa
100%
Ethiopia Africa
100%
Liberia Africa
100%
East Timor Asia
100%
Kazakhstan Asia
100%
Oman Asia
100%
Sri Lanka Asia
100%
Vietnam Asia
100%
Grenada North America
100%
Guatemala North America
100%
Guyana South America
100%
Paraguay South America
100%
Bosnia and Herzegovina Europe
89%
Tunisia Africa
88%
Jordan Asia
88%
South Korea Asia
88%
Senegal Africa
86%
Eswatini Africa
86%
Zambia Africa
86%
Austria Europe
86%
Kosovo Europe
86%
Haiti North America
86%
Trinidad and Tobago North America
86%
Poland Europe
83%
Antigua and Barbuda North America
82%
Lesotho Africa
80%
Bahrain Asia
80%
Mongolia Asia
80%
Turkmenistan Asia
80%
Uzbekistan Asia
80%
Greece Europe
80%
New Zealand Oceania
80%
Central African Republic Africa
78%
Libya Africa
75%
Morocco Africa
75%
Namibia Africa
75%
Indonesia Asia
75%
Laos Asia
75%
Lebanon Asia
75%
Syria Asia
75%
Estonia Europe
75%
Serbia Europe
75%
Barbados North America
75%
Dominican Republic North America
75%
El Salvador North America
75%
Federated States of Micronesia Oceania
75%
Tonga Oceania
75%
Uruguay South America
75%
Lithuania Europe
73%
Guinea-Bissau Africa
71%
Kenya Africa
71%
Mauritania Africa
71%
Niger Africa
71%
Iran Asia
71%
Kyrgyzstan Asia
71%
Taiwan Asia
71%
United States North America
71%
Fiji Oceania
71%
Nauru Oceania
71%
Algeria Africa
70%
Botswana Africa
67%
Democratic Republic of the Congo Africa
67%
Madagascar Africa
67%
Nigeria Africa
67%
Seychelles Africa
67%
Philippines Asia
67%
Tajikistan Asia
67%
Thailand Asia
67%
Bulgaria Europe
67%
Switzerland Europe
67%
Costa Rica North America
67%
Nicaragua North America
67%
Palau Oceania
67%
Vanuatu Oceania
67%
Chile South America
67%
Venezuela South America
67%
Egypt Africa
64%
Malta Europe
64%
Togo Africa
63%
United Arab Emirates Asia
63%
Germany Europe
63%
North Macedonia Europe
63%
Norway Europe
63%
Russia Europe
63%
Canada North America
63%
Australia Oceania
63%
Burkina Faso Africa
60%
Cape Verde Africa
60%
Gambia Africa
60%
Somalia Africa
60%
Cambodia Asia
60%
Qatar Asia
60%
Turkey Asia
60%
Albania Europe
60%
Belgium Europe
60%
Finland Europe
60%
Italy Europe
60%
Romania Europe
60%
Jamaica North America
60%
Cameroon Africa
57%
Ghana Africa
57%
Afghanistan Asia
57%
North Korea Asia
57%
Saudi Arabia Asia
57%
Andorra Europe
57%
Denmark Europe
57%
Iceland Europe
57%
Mexico North America
57%
Brazil South America
57%
Djibouti Africa
56%
Bangladesh Asia
56%
Brunei Asia
56%
Tuvalu Oceania
56%
Kuwait Asia
55%
Latvia Europe
55%
Slovenia Europe
55%
Bahamas North America
55%
Papua New Guinea Oceania
55%
Benin Africa
50%
Ivory Coast Africa
50%
Gabon Africa
50%
Guinea Africa
50%
Mauritius Africa
50%
Mozambique Africa
50%
Republic of the Congo Africa
50%
Rwanda Africa
50%
Sierra Leone Africa
50%
South Sudan Africa
50%
Sudan Africa
50%
Uganda Africa
50%
Armenia Asia
50%
Bhutan Asia
50%
China Asia
50%
Cyprus Asia
50%
Iraq Asia
50%
Malaysia Asia
50%
Yemen Asia
50%
Belarus Europe
50%
Croatia Europe
50%
France Europe
50%
Ireland Europe
50%
Liechtenstein Europe
50%
Luxembourg Europe
50%
Montenegro Europe
50%
Netherlands Europe
50%
San Marino Europe
50%
Slovakia Europe
50%
United Kingdom Europe
50%
Vatican City Europe
50%
Belize North America
50%
Dominica North America
50%
Panama North America
50%
Kiribati Oceania
50%
Solomon Islands Oceania
50%
Ecuador South America
50%
Suriname South America
50%
Malawi Africa
46%
Israel Asia
45%
Sweden Europe
44%
Honduras North America
44%
Czech Republic Europe
43%
Portugal Europe
43%
Saint Lucia North America
43%
Colombia South America
43%
São Tomé and Príncipe Africa
40%
Tanzania Africa
40%
Myanmar Asia
40%
Hungary Europe
40%
Monaco Europe
40%
Spain Europe
40%
India Asia
38%
Japan Asia
38%
Maldives Asia
38%
Moldova Europe
38%
Marshall Islands Oceania
38%
Peru South America
38%
Burundi Africa
33%
Zimbabwe Africa
33%
Azerbaijan Asia
33%
Singapore Asia
33%
Cuba North America
33%
Saint Kitts and Nevis North America
33%
Argentina South America
33%
Chad Africa
29%
Comoros Africa
29%
Mali Africa
29%
Nepal Asia
29%
Pakistan Asia
25%
Saint Vincent and the Grenadines North America
25%
Ukraine Europe
20%
Samoa Oceania
20%
Bolivia South America
20%
South Africa Africa
17%
Angola Africa
0%
Georgia Georgia
0%
No matching quizzes found
Score Distribution
Percent of People with Each Score
Percentile by Number Answered
Your Score History
You have not taken this quiz